Welcome to CU Library Online Public Access Catalogue (OPAC)

Equity & Trusts / (Record no. 5545)

MARC details
000 -LEADER
fixed length control field 04472cam a22007577i 4500
001 - CONTROL NUMBER
control field 23149367
003 - CONTROL NUMBER IDENTIFIER
control field OSt
005 - DATE AND TIME OF LATEST TRANSACTION
control field 20250425114251.0
006 - FIXED-LENGTH DATA ELEMENTS--ADDITIONAL MATERIAL CHARACTERISTICS
fixed length control field m o d
007 - PHYSICAL DESCRIPTION FIXED FIELD--GENERAL INFORMATION
fixed length control field cr cnu---unuuu
008 - FIXED-LENGTH DATA ELEMENTS--GENERAL INFORMATION
fixed length control field 211007s2021 enk ob 001 0 eng d
010 ## - LIBRARY OF CONGRESS CONTROL NUMBER
LC control number 2021762512
015 ## - NATIONAL BIBLIOGRAPHY NUMBER
National bibliography number GBC1F8884
Source bnb
016 7# - NATIONAL BIBLIOGRAPHIC AGENCY CONTROL NUMBER
Record control number 020335343
Source Uk
020 ## - INTERNATIONAL STANDARD BOOK NUMBER
International Standard Book Number 9781003223825
Qualifying information electronic book
020 ## - INTERNATIONAL STANDARD BOOK NUMBER
International Standard Book Number 1003223826
Qualifying information electronic book
020 ## - INTERNATIONAL STANDARD BOOK NUMBER
International Standard Book Number 9781000469349
Qualifying information electronic book ;
-- electronic book
020 ## - INTERNATIONAL STANDARD BOOK NUMBER
International Standard Book Number 1000469344
Qualifying information electronic book ;
-- electronic book
020 ## - INTERNATIONAL STANDARD BOOK NUMBER
International Standard Book Number 9781859417294
Qualifying information electronic book ;
-- EPUB
020 ## - INTERNATIONAL STANDARD BOOK NUMBER
International Standard Book Number 1000469360
Qualifying information electronic book ;
-- EPUB
020 ## - INTERNATIONAL STANDARD BOOK NUMBER
Canceled/invalid ISBN 9781138506251
020 ## - INTERNATIONAL STANDARD BOOK NUMBER
Canceled/invalid ISBN 1138506257
020 ## - INTERNATIONAL STANDARD BOOK NUMBER
Canceled/invalid ISBN 9781138506268
020 ## - INTERNATIONAL STANDARD BOOK NUMBER
Canceled/invalid ISBN 1138506265
024 7# - OTHER STANDARD IDENTIFIER
Standard number or code 10.4324/9781003223825
Source of number or code doi
035 ## - SYSTEM CONTROL NUMBER
System control number (OCoLC)1273728733
037 ## - SOURCE OF ACQUISITION
Stock number 9781003223825
Source of stock number/acquisition Taylor & Francis
040 ## - CATALOGING SOURCE
Original cataloging agency TYFRS
Language of cataloging eng
Description conventions rda
-- pn
Transcribing agency TYFRS
Modifying agency OCLCF
-- TYFRS
-- UKMGB
-- UKAHL
-- OCLCQ
-- YDX
-- OCLCO
-- OCLCQ
-- DLC
042 ## - AUTHENTICATION CODE
Authentication code lccopycat
043 ## - GEOGRAPHIC AREA CODE
Geographic area code e-uk-en
-- e-uk-wl
050 00 - LIBRARY OF CONGRESS CALL NUMBER
Classification number KD674
Item number .H83
072 #7 - SUBJECT CATEGORY CODE
Subject category code LAW
Subject category code subdivision 000000
Source bisacsh
072 #7 - SUBJECT CATEGORY CODE
Subject category code LAW
Subject category code subdivision 074000
Source bisacsh
072 #7 - SUBJECT CATEGORY CODE
Subject category code LAW
Subject category code subdivision 090000
Source bisacsh
072 #7 - SUBJECT CATEGORY CODE
Subject category code LNL
Source bicssc
082 04 - DEWEY DECIMAL CLASSIFICATION NUMBER
Classification number 346.42004
Edition information 23
100 1# - MAIN ENTRY--PERSONAL NAME
Personal name Hudson, Alastair,
Relator term author.
245 10 - TITLE STATEMENT
Title Equity & Trusts /
Statement of responsibility, etc. Alastair Hudson.
246 3# - VARYING FORM OF TITLE
Title proper/short title Equity and Trusts
250 ## - EDITION STATEMENT
Edition statement Third edition.
264 #1 - PRODUCTION, PUBLICATION, DISTRIBUTION, MANUFACTURE, AND COPYRIGHT NOTICE
Place of production, publication, distribution, manufacture London :
Name of producer, publisher, distributor, manufacturer Routledge,
Date of production, publication, distribution, manufacture, or copyright notice 2003.
300 ## - PHYSICAL DESCRIPTION
Extent lxviii, 1038
336 ## - CONTENT TYPE
Content type term text
Content type code txt
Source rdacontent
337 ## - MEDIA TYPE
Media type term computer
Media type code c
Source rdamedia
338 ## - CARRIER TYPE
Carrier type term online resource
Carrier type code cr
Source rdacarrier
504 ## - BIBLIOGRAPHY, ETC. NOTE
Bibliography, etc. note Includes bibliographical references and index.
505 0# - FORMATTED CONTENTS NOTE
Formatted contents note 1. The Principles of Equity; 2. The Nature of the Trust; 3. The Settlor: Certainties and Formalities; 4. The Beneficiary's Rights; 5. The Trustee's Duties; 6. Resulting Trusts; 7. Constructive Trusts; 8. Equitable Estoppel; 9. Trusts of Land and of the Home; 10. Breach of Trust, Strangers and Tracing; 11. Quistclose Trusts and Commercial Trusts; 12. Charities; 13. Injunctions and other Equitable Remedies; 14. Themes in Equity
520 ## - SUMMARY, ETC.
Summary, etc. The 7th edition of Understanding Equity & Trusts provides a clear, accessible and lively overview of the main themes in this dynamic area of the law. An ideal first point of entry to the subject or revision tool, this book will give you an invaluable grounding in all of the key principles of equity and the law of trusts. If you need help with trusts law, then this is the book for you. This book covers all of the topics that a student reader will encounter in any trusts law or equity course. The text deals with express trusts, resulting and constructive trusts, the duties of trustees, breach of trust and tracing, commercial uses of trusts, charities, equitable remedies and trusts of homes. The law of trusts is built on simple basic principles. The approach of this book is to lay foundations with an explanation of those principles before building towards the more complex issues which are the focus of examinations in this subject. The lively text includes a large number of straightforward examples to make the discussion of the general law more accessible.
545 0# - BIOGRAPHICAL OR HISTORICAL DATA
Biographical or historical data Alastair Hudson is Professor of Equity & Finance Law at the University of Exeter. He is a National Teaching Fellow, a Fellow of the Higher Education Academy, a Fellow of the Royal Society of Arts, and has been voted UK Law Teacher of the Year. He is the author of twenty books on various aspects of law which have been relied upon by the courts of numerous jurisdictions around the world.
588 0# - SOURCE OF DESCRIPTION NOTE
Source of description note Description based upon online resource; title from PDF title page (viewed Janurary 10, 2022).
650 #0 - SUBJECT ADDED ENTRY--TOPICAL TERM
Topical term or geographic name entry element Equity
Geographic subdivision England.
650 #0 - SUBJECT ADDED ENTRY--TOPICAL TERM
Topical term or geographic name entry element Equity
Geographic subdivision Wales.
650 #0 - SUBJECT ADDED ENTRY--TOPICAL TERM
Topical term or geographic name entry element Trusts and trustees
Geographic subdivision England.
650 #0 - SUBJECT ADDED ENTRY--TOPICAL TERM
Topical term or geographic name entry element Trusts and trustees
Geographic subdivision Wales.
650 #7 - SUBJECT ADDED ENTRY--TOPICAL TERM
Topical term or geographic name entry element LAW
General subdivision General.
Source of heading or term bisacsh
650 #7 - SUBJECT ADDED ENTRY--TOPICAL TERM
Topical term or geographic name entry element LAW
General subdivision Property.
Source of heading or term bisacsh
650 #7 - SUBJECT ADDED ENTRY--TOPICAL TERM
Topical term or geographic name entry element LAW
General subdivision Wills.
Source of heading or term bisacsh
650 #7 - SUBJECT ADDED ENTRY--TOPICAL TERM
Topical term or geographic name entry element Equity.
Source of heading or term fast
Authority record control number or standard number (OCoLC)fst00914585
650 #7 - SUBJECT ADDED ENTRY--TOPICAL TERM
Topical term or geographic name entry element Trusts and trustees.
Source of heading or term fast
Authority record control number or standard number (OCoLC)fst01158201
651 #7 - SUBJECT ADDED ENTRY--GEOGRAPHIC NAME
Geographic name England.
Source of heading or term fast
Authority record control number or standard number (OCoLC)fst01219920
651 #7 - SUBJECT ADDED ENTRY--GEOGRAPHIC NAME
Geographic name Wales.
Source of heading or term fast
Authority record control number or standard number (OCoLC)fst01207649
776 08 - ADDITIONAL PHYSICAL FORM ENTRY
Relationship information Print version:
Main entry heading Hudson, Alastair.
Title Equity & Trusts.
Edition Third edition.
Place, publisher, and date of publication London : Routledge, 2003
International Standard Book Number 9781138506251
Record control number (OCoLC)1272896820
906 ## - LOCAL DATA ELEMENT F, LDF (RLIN)
a 7
b cbc
c copycat
d 1
e ecip
f 20
g y-gencatlg
942 ## - ADDED ENTRY ELEMENTS (KOHA)
Source of classification or shelving scheme Library of Congress Classification
Koha item type Books
Suppress in OPAC No
Holdings
Withdrawn status Lost status Source of classification or shelving scheme Damaged status Not for loan Collection Home library Current library Shelving location Date acquired Total checkouts Full call number Barcode Date last seen Copy number Price effective from Koha item type
    Library of Congress Classification     Non-fiction Law Library (Christ Temple) Law Library (Christ Temple) General stacks 04/25/2025   KD674.H83 HUD LLCT00000621 04/25/2025 1 04/25/2025 Books
© 2023-2024 Copyright: Central University Libraries. All Rights Reserved | Created by: Mahone Tech Office